000 01106cam a2200253 4500
001 ABS66397
008 030207n2003 000 0 eng u
035 _a(Sirsi) u121287
100 _aGardiner, F.
245 _aHow much to replace it?
260 _c2003
490 _aEstates Gazette
_v(0302) 11 January 2003, 96-97(2)
520 _aA "Mainly for students" article in the ongoing series on specialist valuation. Examines the issues that arise when undertaking reinstatement cost assessments for insurance purposes. Briefly describes the main types of cover: 'indemnity' and 'reinstatement' and outlines the key issues such as measuring practice and build costs, that must be covered in the calculation of a reinstatement cost assessment. References.
590 _aABS
650 _aREINSTATEMENT COST ASSESSMENT
650 _aINDEMNITY INSURANCE
650 _aREINSTATEMENT VALUATIONS
650 _aBUILT ENVIRONMENT-BUILDING COSTS
650 _aBCIS
650 _aMEASURING PRACTICE
650 _aINSURANCE COSTS
690 _aPROPERTY-PROPERTY APPRAISAL AND VALUATION
942 _n0
999 _c72079
_d72079